How to be a successful entrepreneur (Record no. 76360)
[ view plain ]
| 000 -LEADER | |
|---|---|
| fixed length control field | 00553nam a2200157 a 4500 |
| 008 - FIXED-LENGTH DATA ELEMENTS--GENERAL INFORMATION | |
| fixed length control field | 150901s2009 ||||||||||||||||| || u |
| 020 ## - INTERNATIONAL STANDARD BOOK NUMBER | |
| International Standard Book Number | 9780749455149 |
| 050 ## - LIBRARY OF CONGRESS CALL NUMBER | |
| Classification number | HB 615 Dru |
| 100 ## - MAIN ENTRY--PERSONAL NAME | |
| Personal name | Drummond, Helga |
| 245 10 - TITLE STATEMENT | |
| Title | How to be a successful entrepreneur |
| Statement of responsibility, etc. | by Helga Drummond |
| 260 ## - PUBLICATION, DISTRIBUTION, ETC. | |
| Place of publication, distribution, etc. | London |
| Name of publisher, distributor, etc. | Kogan Page |
| Date of publication, distribution, etc. | 2009 |
| 300 ## - PHYSICAL DESCRIPTION | |
| Extent | xi, 154 pages |
| 350 ## - | |
| -- | 19.95 |
| 650 #0 - SUBJECT ADDED ENTRY--TOPICAL TERM | |
| Topical term or geographic name entry element | ENTREPRENEURSHIP |
| 995 ## - | |
| -- | MAIN LIBRARY OPEN ACCESS |
| -- | 744820 |
| -- | CBU-MAIN LIBRARY (Kitwe) |
| -- | HB 615 DRU |
| -- | 4 |
| -- | AVAILABLE |
| -- | Sep 2, 2015 |
| -- | 744820 |
| -- | Main Library Open Access Collection |
| 999 ## - | |
| -- | 76360 |
| -- | 76360 |
| Withdrawn status | Lost status | Source of classification or shelving scheme | Damaged status | Not for loan | Permanent Location | Current Location | Shelving location | Date acquired | Total Checkouts | Full call number | Barcode | Date last seen | Date last checked out | Copy number | Price effective from | Koha item type |
|---|---|---|---|---|---|---|---|---|---|---|---|---|---|---|---|---|
| CBU-MAIN LIBRARY, KITWE. | CBU-MAIN LIBRARY, KITWE. | 04/25/2023 | 1 | HB 615 Dru | 744820 | 08/29/2025 | 08/06/2025 | 1 | 04/25/2023 | MONOGRAPH |